Globalisation and the Threats It Poses in the Twenty-first Century
Hodnotenie globalizácie a jej úloha v kontexte vznikajúcich globálnych hrozieb v dvadsiatom prvom storočí.
Gespeichert in:
| 1. Verfasser: | |
|---|---|
| Format: | Buchkapitel |
| Sprache: | Englisch |
| Schlagworte: | |
| Tags: |
Keine Tags, Fügen Sie das erste Tag hinzu!
|
MARC
| LEADER | 00000nla a2200000 4500 | ||
|---|---|---|---|
| 001 | 0238615 | ||
| 005 | 20240502083638.3 | ||
| 041 | 0 | |a eng | |
| 044 | |a DE | ||
| 245 | 1 | 0 | |a Globalisation and the Threats It Poses in the Twenty-first Century |c Naďa Kovalčíková |
| 520 | |a Hodnotenie globalizácie a jej úloha v kontexte vznikajúcich globálnych hrozieb v dvadsiatom prvom storočí. | ||
| 610 | 2 | 0 | |a globalizácia |
| 610 | 2 | 0 | |a internet |
| 610 | 2 | 0 | |a nestabilita hospodárstva |
| 610 | 2 | 0 | |a nestabilita politická |
| 610 | 2 | 0 | |a bezpečnosť medzinárodná |
| 100 | 1 | |a Kovalčíková, Naďa | |